| 000 | 00742cam a22002413a 4500 | ||
|---|---|---|---|
| 001 | 11946 | ||
| 003 | PGUSA | ||
| 005 | 20140828083242.0 | ||
| 008 | 040401s2004||||xxu|||||s|||||000 | eng d | ||
| 040 |
_aPGUSA _beng |
||
| 042 | _adc | ||
| 050 | 4 | _aPQ | |
| 100 | 1 |
_aLe Sage, Alain René, _d1668-1747 |
|
| 245 | 1 | 0 |
_aLa Tontine _h[electronic resource] / _cAlain René Le Sage |
| 260 |
_bProject Gutenberg, _c2004 |
||
| 506 | _aCopyrighted. Read the copyright notice inside this book for details. | ||
| 516 | _aElectronic text | ||
| 653 | _aFrench drama -- 18th century -- Translations into English | ||
| 700 | 1 | _aMorlock, Frank J. | |
| 830 | 0 |
_aProject Gutenberg _v11946 |
|
| 856 | 4 | 0 | _uhttp://www.gutenberg.org/ebooks/11946 |
| 942 | _cEB | ||
| 999 |
_c241201 _d241201 |
||